000
00216 a2200097 4500
001
54195
100
_a
Anton,Howard
245
_a
Calculus
260
_a
Islamabad
_b
National Book Foundation
_c
090
_c
33802
_d
33802
942
_a
NUST-CAE
_c
M
_c
26450
999
_c
289268
_d
289268